Mining and Engineering Management (Record no. 5749)

MARC details
000 -LEADER
fixed length control field 00345nam a22001457a 4500
005 - DATE AND TIME OF LATEST TRANSACTION
control field 20181006121643.0
008 - FIXED-LENGTH DATA ELEMENTS--GENERAL INFORMATION
fixed length control field 181006b xxu||||| |||| 00| 0 eng d
041 ## - LANGUAGE CODE
Language code of text/sound track or separate title eng
100 ## - MAIN ENTRY--AUTHOR NAME
Personal name Dey,Dr. N.C
245 ## - TITLE STATEMENT
Title Mining and Engineering Management
260 ## - PUBLICATION, DISTRIBUTION, ETC. (IMPRINT)
Place of publication Dhanbad
Name of publisher Lovely
Year of publication 2012
300 ## - PHYSICAL DESCRIPTION
Number of Pages 258
650 ## - SUBJECT ADDED ENTRY--TOPICAL TERM
Topical Term Mining
942 ## - ADDED ENTRY ELEMENTS (KOHA)
Koha item type Books
Holdings
Lost status Damaged status Home library Current library Shelving location Date acquired Source of acquisition Cost, normal purchase price Accession Number Koha item type Collection code
    JRU Library   SHELF-6-C 06/10/2018 Purchase 250.00 22462 Books  
    JRU Library JRU Library SHELF-100-D 06/10/2018 Purchase 250.00 22463 Books MINING